00349nam a2200121Ia 4500008004100000082001400041100001700055245003500072260004400107365000600151630003500157730003500192100415s9999 xx 000 0 und d b7091a591 aWilliams GE aA Survey of the Animal Kingdom aLONDONc1969bHORNIMAN MUSEUM & LIBRARY b0 aA Survey of the Animal Kingdom aA Survey of the Animal Kingdom